| 000 | 00411nam a22001457a 4500 | ||
|---|---|---|---|
| 005 | 20151116102806.0 | ||
| 008 | 151116b xxu||||| |||| 00| 0 eng d | ||
| 040 | _cPK-LaUMT | ||
| 082 |
_aKHC 954.916 _bMAS-K |
||
| 100 | _aمسعود حسن شہاب | ||
| 245 |
_aخطئہ پاک اوچ _cمسعود حسن شہاب |
||
| 260 |
_aبہاولپور _bاردو اکیڈمی _c1982 |
||
| 300 | _a443 ص | ||
| 942 | _cBK | ||
| 999 |
_c78946 _d78946 |
||